00233nam a2200085Ia 4500001000800000005001700008008004100025245006300066260001800129125041720251031150855.0251031s9999 xx 000 0 und d 0cALBERT CAMUSaE-5 DÜĞÜN- BİR ALMAN DOSTA MEKTUPLAR bCAN YAYINLARI